000 00523nam a2200181Ia 4500
005 20250326125449.0
008 250326s9999 xx 000 0 und d
037 _aTextbook
040 _aFMSL
_beng
_cFMSL
041 _aeng
_2eng
084 _aY M11
_qFMSL
100 _aSpringborg P
_9739146
245 0 _aProblem of human needs and the critique of civilisation
_cSpringborg P
260 _aLondon
_bLondon, George Allen & Unwin
_c1981
300 _a293p
942 _cTB
_hY M11
999 _c1278180
_d1278180